स्वातन्त्रोत्तर हिंदी नाटक : मोहन राकेश के विशेष सम्बन्ध में / (Record no. 117730)

MARC details
000 -LEADER
fixed length control field 01296nam a22002657a 4500
005 - DATE AND TIME OF LATEST TRANSACTION
control field 20170124103100.0
010 ## - LIBRARY OF CONGRESS CONTROL NUMBER
LC control number 986112
020 ## - INTERNATIONAL STANDARD BOOK NUMBER
Terms of availability 80.00
035 ## - SYSTEM CONTROL NUMBER
System control number 986112
037 ## - SOURCE OF ACQUISITION
Source of stock number/acquisition Cen Lib/Ret
040 ## - CATALOGING SOURCE
Original cataloging agency DPL
Language of cataloging HN
082 ## - DEWEY DECIMAL CLASSIFICATION NUMBER
Classification number 822.08
Item number मोहन
100 ## - MAIN ENTRY--PERSONAL NAME
Personal name रीता कुमार
9 (RLIN) 142285
245 ## - TITLE STATEMENT
Title स्वातन्त्रोत्तर हिंदी नाटक : मोहन राकेश के विशेष सम्बन्ध में /
Statement of responsibility, etc रीता कुमार
246 ## - VARYING FORM OF TITLE
Title proper/short title Swatnttotar hindi natak : mohan rakesh ke vishesh sambandh me
Remainder of title by Reeta Kumar
260 ## - PUBLICATION, DISTRIBUTION, ETC. (IMPRINT)
Place of publication, distribution, etc साहिबाबाद
Name of publisher, distributor, etc विभु प्रकाशन
Date of publication, distribution, etc 1980
270 ## - ADDRESS
Address सी -99,श्याम एन्क्लेव ज्ञानी बॉर्डर
City साहिबाबाद
Postal code 201005
300 ## - PHYSICAL DESCRIPTION
Extent 386पृष्ठ.
Dimensions 20सेमी(सजिल्द)
500 ## - GENERAL NOTE
General note सन्दर्भ ग्रथ शामिल
650 ## - SUBJECT ADDED ENTRY--TOPICAL TERM
Topical term or geographic name as entry element हिंदी साहित्य
9 (RLIN) 142286
650 ## - SUBJECT ADDED ENTRY--TOPICAL TERM
Topical term or geographic name as entry element हिंदी नाटक बदलते सन्दर्भ
9 (RLIN) 76528
650 ## - SUBJECT ADDED ENTRY--TOPICAL TERM
Topical term or geographic name as entry element Hindi literature
9 (RLIN) 142287
650 ## - SUBJECT ADDED ENTRY--TOPICAL TERM
Topical term or geographic name as entry element Hindi drama changing context
9 (RLIN) 76530
942 ## - ADDED ENTRY ELEMENTS (KOHA)
Source of classification or shelving scheme Dewey Decimal Classification
Koha item type Hindi Books
Classification part 822.08
Call number suffix मोहन
Holdings
Withdrawn status Lost status Damaged status Not for loan Home library Current library Date acquired Source of acquisition Cost, normal purchase price Total Checkouts Full call number Barcode Date last seen Date checked out Copy number Cost, replacement price Price effective from Koha item type
        Central Library Central Library 08/09/2015 Cen Lib /Ret 80.00 2 822.08 मोहन 986112 16/10/2018 24/09/2018 1 80.00 15/09/2016 Hindi Books

© Delhi Public Library
Hit Counter
free hit counter